Statistics for U.S. Senators who voted to object to Arizona or Pennsylvania

Click here to take the quiz!

General Stats

  • This quiz has been taken 17 times
  • The average score is 6 of 8

Answer Stats

HintAnswer% Correct
TexasTed Cruz
100%
MissouriJosh Hawley
86%
FloridaRick Scott
86%
AlabamaTommy Tuberville
86%
MississippiCindy Hyde-Smith
71%
LouisianaJohn N. Kennedy
71%
KansasRoger Marshall
71%
WyomingCynthia Lummis
57%

Score Distribution

Percentile by Number Answered

Percent of People with Each Score

Your Score History

You have not taken this quiz